000 00576nam a2200193Ia 4500
003 GCL
008 140319s9999 xx 000 0 ara d
040 _aGCL /
_cGCL
082 0 4 _a962.4
_bج ن
100 1 _aجعفر محمد عبدى
245 1 0 _aالنهج الاسلامى كيف ? /
_cجعفر محمد عبدى
260 _a[S.N] :
_bالمكتب المصرى الحديث ،
_c1984
300 _a480 ص
490 _a
650 0 4 _aالسودان
650 0 4 _aالشريعة الاسلامية
650 0 4 _aالاسلام والسياسة
942 _2ddc
_cBK
999 _c54846
_d54846